|
|
|
|
| LEADER |
00000cam a2200000 7i4500 |
| 001 |
0000002479 |
| 002 |
000002702 |
| 005 |
20000330.0 |
| 020 |
|
|
|a 074871250X
|
| 090 |
0 |
0 |
|a 615.82
|b ARN
|
| 100 |
0 |
|
|a Arnould-Taylor, William
|
| 245 |
1 |
4 |
|a The Principles and practice of physical theraphy
|c William Arnould-Taylor
|
| 250 |
|
|
|a 3rd ed
|
| 260 |
|
|
|a United Kingdom :
|b Stanley Thornes ,
|c 1977
|
| 300 |
|
|
|a 217p. ;
|c 23cm.
|
| 650 |
0 |
0 |
|a Exerceise therapy
|
| 650 |
0 |
0 |
|a Exercise
|
| 650 |
0 |
0 |
|a Medical rehabilitation
|
| 650 |
0 |
0 |
|a Physical therapy
|
| 999 |
|
|
|a 036095
|b BUKU
|c PINJAMAN
|e PERPUSTAKAAN KOMUNITI PETALING JAYA
|